000 00580nam a2200229Ia 4500
003 OSt
005 20221007082542.0
006 a|||||r|||| 00| 0
007 ta
008 221006b |||||||| |||| 00| 0 eng d
024 _a10,966
037 _cReference Collections
040 _aFLL
_cFLL
_beng
041 _2eng
_aeng
082 _aY1:434:Zy7, M8
100 _aBaxi V. Au.
_9682141
245 0 _aLaw and powerty
260 _c1988
300 _a448p
_ccm.
942 _hY1:434:Zy7, M8
_cREF
_2CC
999 _c1166824
_d1166824